[Event "Berlin op 04"]
[Site "Berlin"]
[Date "2006.04.18"]
[Round "4"]
[White "Koerlin, Hans Juergen"]
[Black "Brankovic, Zeljko"]
[Result "1-0"]
[WhiteElo "1727"]
[BlackElo "1825"]
[PlyCount "51"]
[EventDate "2006.04.14"]
[EventType "swiss"]
[EventRounds "9"]
[EventCountry "GER"]
[SourceTitle "EXT 2007"]
[Source "ChessBase"]
[SourceDate "2006.11.23"]
[SourceVersion "1"]
[SourceVersionDate "2006.11.23"]
[SourceQuality "1"]

1. e4 e5 2. f4 exf4 3. Bc4 Be7 4. Nf3 Bh4+ 5. g3 Be7 6. Nc3 d6 7. d4 Be6 8. Bxe6 fxe6 9. Bxf4 Nc6 10. 0-0 h5 11. d5 g5 12. Bd2 exd5 13. exd5 Ne5 14. Ne4 g4 15. Nfg5 Kd7 16. Ne6 Qe8 17. Qe2 a6 18. Bf4 Nf3+ 19. Kh1 h4 20. Qc4 Qh5 21. Qxc7+ Ke8 22. Ng7+ Kf7 23. Nxh5 Rxh5 24. Rxf3 gxf3 25. Rf1 Rxd5 26. Bxd6 1-0